00246cam a22000857a 4500008004000000082001700040245004400057260005000101300000900151180718b1958 xxu||||| |||| 00| 0 eng d aK85x42/ Un3Q aOccupational pension schemes : a survey aLondonbHer Majesty's Stationery Officec1958 a27p.